000 01369 a2200289 4500
003 Nust
005 20170207154043.0
010 _a 2010275345
020 _a047082249X
020 _a9780470822494
035 _a(OCoLC)ocn305157274
040 _cNust
082 0 4 _a332.0951
245 0 0 _aChina's emerging financial markets (E-BOOK)
_bchallenges and global impact /
_ceditors-in-chief, Zhu Min, Cai Jinqing, Martha Avery.
260 _aSingapore ;
_aHoboken, NJ :
_bJohn Wiley & Sons,
_c2009.
300 _alxxiii, 593 p. :
_bill. ;
_c24 cm.
520 1 _a"China's Emerging Financial Markets is necessary reading for those who seek to understand the strategic direction of this key industry, as well as those who wonder what role China will play in the current global economic crisis."--BOOK JACKET.
650 0 _aBanks and banking
_zChina.
650 0 _aFinance
_zChina.
651 0 _aChina's emerging financial markets (E-BOOK)
_xEconomic policy.
700 1 _aAvery, Martha,
_d1951-
700 1 _aCai, Jinqing.
700 1 _aZhu, Min,
_d1952-
856 4 2 _3Contributor biographical information
_uhttp://www.loc.gov/catdir/enhancements/fy1012/2010275345-b.html
856 4 2 _3Publisher description
_uhttp://www.loc.gov/catdir/enhancements/fy1012/2010275345-d.html
856 4 2 _3Table of contents only
_uhttp://www.loc.gov/catdir/enhancements/fy1012/2010275345-t.html
942 _2ddc
_cBK
999 _c192736
_d192736